000 00517nam a2200193Ia 4500
003 OSt
005 20250219105556.0
008 210210b1947 xxu||||| |||| 00| 0 eng d
040 _cAL
041 _ahin
082 _a861/78
100 _aGUPTA (Siyaramsaran)
_9201069
110 _bगुप्ता सियारामशरण
_9201070
245 _aJai hind:
_bजय हिन्द
260 _aChirganv
_bSahity Sadan
_c1947
690 _aHindi Poetry
_9201071
906 _a023099
942 _2ddc
_cBK
999 _c147992
_d147992